Statistics for SZA - Pretty Little Birds (ft. Isaiah Rashad) (All Lyrics)

Click here to take the quiz!

General Stats

  • This quiz has been taken 28 times
  • The average score is 267 of 366

Answer Stats

Answer% Correct
the
100%
(the
100%
a
94%
bird,
94%
bird
94%
(Do
94%
Do
94%
Fly
94%
fly
94%
I
94%
little
94%
pretty
94%
pretty)
94%
pretty,
94%
(pretty,
94%
Pretty
94%
you,
94%
You
94%
you
94%
your
94%
few
89%
for
89%
hit
89%
mine
89%
mine)
89%
of
89%
times)
89%
times
89%
we
89%
We
89%
(when
89%
When
89%
when
89%
all
83%
be
83%
But
83%
but
83%
feel
83%
in
83%
it
83%
let
83%
My
83%
my
83%
to
83%
window
83%
and
78%
as
78%
by
78%
comes,
78%
comes
78%
down
78%
golden
78%
good
78%
lay
78%
me,
78%
morning
78%
so
78%
still
78%
wanna
78%
You're
78%
you're
78%
You've
78%
ain't
72%
feels
72%
goose,
72%
hope
72%
If
72%
if
72%
legs
72%
like
72%
love
72%
no
72%
scared
72%
shave
72%
they
72%
birds
67%
feathers
67%
gentle
67%
heights
67%
heights,
67%
phoenix
67%
up
67%
away
61%
been
61%
get
61%
hating
61%
I'm
61%
Lately
61%
myself,
61%
night,
61%
sea
61%
softened
61%
spread
61%
Spread
61%
swim
61%
take
61%
wash
61%
waves
61%
well
61%
were
61%
among
56%
don't
56%
flight
56%
girls,
56%
girls
56%
hair
56%
just
56%
see
56%
spiral
56%
that
56%
can
50%
cortex
50%
giants
50%
Lord,
50%
Lord
50%
mean
50%
mean?)
50%
broken
44%
die,
44%
every
44%
jack'n,
44%
robbin'
44%
stalk'n
44%
Told
44%
vortex
44%
wings
44%
word?
44%
word,
44%
bean'n,
39%
can't
39%
free
39%
heavens
39%
heavens,
39%
house
39%
limbs
39%
out
39%
shit
39%
south
39%
stay
39%
them
39%
used
39%
wall)
39%
wall,
39%
with
39%
bitches
33%
Diamond
33%
fuck
33%
ounce
33%
they'll
33%
They'll
33%
'Til
33%
cerebral
28%
faithful
28%
mind
28%
afford
22%
cleanin'
22%
mines
22%
pay
22%
play
22%
made
17%
that's
17%
would
17%
would,
17%
playin',
11%
pound,
11%
into
6%
'Lana
6%
peek
6%
lights
0%

Score Distribution

Percentile by Number Answered

Percent of People with Each Score

Your Score History

You have not taken this quiz